00545nam a2200145Ia 4500008004100000082002100041100002000062245002500082260003900107630001800146650007700164942000900241952013000250999001900380211122s9999||||xx |||||||||||||| ||und|| a894.81207bWOO-E aWoolf, Virjinia 0aEzhuthukariyude Muri bMathrubhoomi BooksaKottayamc2004 xGeneral Stack aMalayalam Literaturevliterature and rhetoricMalayalam RhetoricGeneralia cBOOK 00104070aSBCLbSBCLc2d2021-11-22g70.00l2o894.81207 WOO-Ep00114965r2025-08-11 14:59:15s2025-07-31w2021-11-22yBOOK c132585d132585